ORACIONES CON MARIA (Registro nro. 58877)
[ vista simple ]
| 000 -LEADER | |
|---|---|
| fixed length control field | 00944nam a2200205 a 4500 |
| 001 - CONTROL NUMBER | |
| control field | 58877 |
| 005 - DATE AND TIME OF LATEST TRANSACTION | |
| control field | 20180714055633.0 |
| 008 - FIXED-LENGTH DATA ELEMENTS--GENERAL INFORMATION | |
| fixed length control field | 140415s2001 mx 000 0 spa d |
| 020 ## - INTERNATIONAL STANDARD BOOK NUMBER | |
| International Standard Book Number | 9684371837 |
| 041 ## - LANGUAGE CODE | |
| Language code of text/sound track or separate title | spa |
| 082 ## - DEWEY DECIMAL CLASSIFICATION NUMBER | |
| Classification number | 291.433 |
| Item number | MUÑ |
| 100 1# - MAIN ENTRY--PERSONAL NAME | |
| Personal name | MUÑOZ, HECTOR |
| 245 10 - TITLE STATEMENT | |
| Title | ORACIONES CON MARIA |
| 250 ## - EDITION STATEMENT | |
| Edition statement | 4ed. |
| 260 ## - PUBLICATION, DISTRIBUTION, ETC. | |
| Place of publication, distribution, etc. | MEXICO : |
| Name of publisher, distributor, etc. | PAULINAS, |
| Date of publication, distribution, etc. | 2001 |
| 300 ## - PHYSICAL DESCRIPTION | |
| Extent | 137 |
| Dimensions | 11.2 x 0.7 x 16.8 |
| 490 ## - SERIES STATEMENT | |
| Series statement | COLECCION: ORAR CON LA VIDA |
| 520 ## - SUMMARY, ETC. | |
| Summary, etc. | ORACIONES CON MARIA PRECISAMENTE PORQUE ES CON ELLA QUE APRENDEMOS A ORAR COMO CONVIENE: EN SILENCIO, EN KLA COMTEMPLACION, EN LA DISPONIBILIDAD Y EN EL OFRECIMIENTO GOZOSO DE NOSOTROS MISMOS A DIOS. ASI NOS DICE EL EVANGELISTA SAN LUCAS: MARIA, POR SU PARTE, GUARDABA TODAS ESAS COSAS Y LAS MEDITABA EN SU CORAZON. ESTE ES EL SECRETO PARA APRENDER A ORAR Y SABER ESCUCHAR A DIOS EN NUESTRA VIDA. |
| 650 14 - SUBJECT ADDED ENTRY--TOPICAL TERM | |
| Topical term or geographic name entry element | MEDITACIONES |
| General subdivision | ORACIONES |
| -- | VIRGEN MARIA |
| -- | ORACIONES |
| Withdrawn status | Lost status | Source of classification or shelving scheme | Damaged status | Not for loan | Collection code | Home library | Current library | Shelving location | Date acquired | Source of acquisition | Inventory number | Total Checkouts | Full call number | Barcode | Date last seen | Price effective from | Koha item type |
|---|---|---|---|---|---|---|---|---|---|---|---|---|---|---|---|---|---|
| Dewey Decimal Classification | General | Biblioteca Karol Wojtyla | Biblioteca Karol Wojtyla | Sala general | 03/12/2013 | Compra | 151000000000000000058536 | 291.433 MU | 89136 | 05/01/2026 | 04/09/2014 | Libro |